| 000 | 00381nam a22001697a 4500 | ||
|---|---|---|---|
| 005 | 20160624114958.0 | ||
| 008 | 160624b xxu||||| |||| 00| 0 eng d | ||
| 020 | _a978-0-07-026437-3 | ||
| 041 | _aeng | ||
| 082 | _b9509 | ||
| 100 |
_aLevy Michael and others _92645 |
||
| 245 | _aRetail Management | ||
| 260 | _bTMH | ||
| 300 | _a692 | ||
| 650 |
_aManagement _9241 |
||
| 942 | _cBK | ||
| 999 |
_c3802 _d3801 |
||